|
|
|
|
| LEADER |
01392nam a2200277 a 4500 |
| 001 |
365405 |
| 008 |
091007s1976 fr b b i000 0 eng d |
| 010 |
|
|
|a 77378718
|
| 020 |
|
|
|a 9231014331
|
| 040 |
|
|
|a DLC
|c DLC
|d DLC
|
| 082 |
0 |
0 |
|a 374/.97293
|2 16
|
| 100 |
1 |
|
|a White, Robert Anthony.
|
| 245 |
1 |
3 |
|a An alternative pattern of basic education :
|b Radio Santa Maria /
|c by Robert White.
|
| 260 |
|
|
|a Paris :
|b Unesco,
|c 1976.
|
| 300 |
|
|
|a 122 p. :
|b map ;
|c 21 cm.
|
| 490 |
|
0 |
|a Experiments and innovations in education ;
|v no. 30
|
| 500 |
|
|
|a Prepared for the Unesco Institute for Education and issued in collaboration with the International Educational Reporting Service.
|
| 504 |
|
|
|a Includes Bibliography (p. 103-104.)
|
| 541 |
1 |
|
|e 00000935
|
| 650 |
|
0 |
|a Adult education
|z Dominican Republic.
|
| 650 |
|
0 |
|a Radio in adult education
|z Dominican Republic.
|
| 710 |
2 |
|
|a Unesco Institute for Education.
|
| 852 |
4 |
|
|a Ayesha Abed Library
|j General shelf
|
| 999 |
|
|
|c 4397
|d 4397
|
| 952 |
|
|
|0 0
|1 0
|2 ddc
|4 1
|6 374_972930000000000_WHI_1976
|7 0
|8 NFIC
|9 4097
|a BRACUL
|b BRACUL
|c SPS
|d 2009-10-11
|g 0.00
|l 0
|o 374.97293 WHI
|p 3010000935
|r 2009-10-11
|t 1
|w 2009-10-11
|y BK
|x No price found in the accession register ; Photocopy Book. Declared as Damaged on December 10, 2023
|
| 952 |
|
|
|0 0
|1 0
|2 ddc
|4 0
|6 374_972930000000000_WHI
|7 0
|9 54559
|a SCL
|b SCL
|c GEN
|d 2015-06-28
|l 0
|o 374.97293 WHI
|p 3020000884
|r 2015-06-28
|t 2
|w 2015-06-28
|y BK
|